000 01521nam a22003017a 4500
005 20081117123210.0
008 081117t xxu||||| |||| 00| 0 hin d
010 _aHIN-85119
020 _c250.00
_a9788180971150
035 _aHN-57465
037 _bDBAD / PUB
040 _aDPL
_bHN
082 _a781.68
245 _aभारतीय शास्त्रीय संगीतः
_bशास्त्र, शिक्षण व प्रयोग /
_cराजीव त्रिवेदी द्वारा संपादित
246 _bedited by Rajiv Trivedi
_aBhaaratiya shaastriya sangita:shikshana va prayoga
260 _aइलाहाबाद
_bसाहित्य संगम
_c2008
270 _aनया 100, लूकरगंज
_bइलाहाबाद
300 _a127 पृ
_c22सेमी (सजिल्द)
_bसचित्र
650 _aसंगीत
_xइतिहास एवं समालोचना
_zभारत
650 _aMusic
_xHistory and criticism
_zIndia
650 _aराग
650 _aRaga
650 _aसंगीत
_xअध्य्यन एवं अध्यापन
650 _aMusic
_xStudy and teaching
700 _aत्रिवेदी, राजीव
942 _2ddc
_cHN
_mभारती
_h781.68
999 _c19132
_d19132